All 100+ 'H' Boy Names that have ever ranked in the top 1000 (US) - Statistics

General Stats
  • This quiz has been taken 58 times
  • The average score is 46 of 143
Answer Stats
Highest Rank Male name % Correct
862 Harrie
100%
8 Harry
100%
440 Henery
96%
782 Henri
96%
6 Henry
96%
316 Harris
87%
333 Hal
85%
52 Harrison
85%
69 Hugh
78%
895 Ham
76%
951 Halley
74%
470 Hallie
74%
12 Harold
74%
867 Haden
70%
827 Haiden
70%
71 Hayden
70%
983 Hunt
67%
35 Hunter
67%
425 Hank
65%
263 Hugo
65%
972 Harl
61%
51 Harvey
61%
886 Harvie
61%
668 Harvy
61%
776 Hervey
61%
766 Hill
61%
291 Hans
59%
375 Harve
59%
799 Herb
59%
616 Hollie
59%
783 Holly
59%
164 Harley
57%
863 Harlie
57%
761 Harman
57%
337 Harmon
57%
970 Hart
57%
44 Herman
57%
657 Hermann
57%
514 Hermon
57%
35 Herbert
54%
818 Hall
52%
79 Horace
52%
24 Howard
50%
606 Harper
48%
188 Heath
48%
21 Hudson
48%
498 Hilton
43%
67 Homer
41%
106 Hubert
41%
259 Harlan
39%
819 Harlen
39%
319 Houston
39%
347 Hamilton
37%
160 Hayes
37%
974 Hays
37%
156 Hector
37%
227 Holden
37%
868 Hope
37%
957 Hanson
35%
343 Hollis
35%
721 Harlow
33%
774 Hardin
28%
361 Helen
28%
339 Henderson
28%
977 Holland
28%
537 Huxley
28%
647 Hassan
26%
442 Hazel
26%
995 Heather
26%
273 Hendrix
26%
804 Henrik
26%
640 Hoover
26%
797 Hardie
24%
334 Hardy
24%
786 Hernan
24%
996 Horacio
24%
474 Horatio
24%
470 Hezekiah
22%
237 Huey
20%
724 Hughie
20%
959 Hansel
17%
777 Hattie
17%
995 Hester
17%
787 Hilary
17%
975 Hillary
17%
992 Hillery
17%
784 Horton
17%
360 Hosea
17%
704 Hosie
17%
994 Halo
15%
672 Handy
15%
391 Harding
15%
717 Hartley
15%
124 Hiram
15%
728 Humphrey
15%
700 Hurley
15%
929 Halbert
13%
504 Hamp
13%
148 Hobart
13%
216 Hobert
13%
710 Hoy
13%
524 Hampton
11%
513 Humberto
11%
711 Huston
11%
741 Halsey
9%
527 Hamza
9%
483 Harland
9%
905 Harlem
9%
653 Hayward
9%
420 Haywood
9%
637 Heriberto
9%
281 Herschel
9%
391 Hershel
9%
1000 Hershell
9%
975 Heyward
9%
682 Hoke
9%
867 Holmes
9%
999 Huy
9%
215 Hyman
9%
805 Hazen
7%
683 Hilbert
7%
491 Howell
7%
612 Hakeem
4%
528 Helmer
4%
569 Hilliard
4%
960 Hung
4%
899 Harrell
2%
672 Hartwell
2%
479 Haskell
2%
561 Heber
2%
653 Hillard
2%
976 Hilmer
2%
699 Hosteen
2%
443 Hoyt
2%
881 Hansford
0%
864 Hence
0%
849 Hideo
0%
954 Hilario
0%
751 Hiroshi
0%
925 Hjalmar
0%
905 Hjalmer
0%
696 Hubbard
0%
664 Hyrum
0%
No matching quizzes found
Score Distribution
Percent of People with Each Score
Percentile by Number Answered
Your Score History
You have not taken this quiz